Perspectives on activity theory (Record no. 53424)
[ view plain ]
| 000 -LEADER | |
|---|---|
| fixed length control field | 00869nam a2200229 a 4500 |
| 008 - FIXED-LENGTH DATA ELEMENTS--GENERAL INFORMATION | |
| fixed length control field | 120416s1999 ||||||||||||||||| || u |
| 020 ## - INTERNATIONAL STANDARD BOOK NUMBER | |
| International Standard Book Number | 052143730X |
| 050 ## - LIBRARY OF CONGRESS CALL NUMBER | |
| Classification number | BF 619.5 Per |
| 100 ## - MAIN ENTRY--PERSONAL NAME | |
| Personal name | Engestrom, Yrjo |
| 245 10 - TITLE STATEMENT | |
| Title | Perspectives on activity theory |
| Statement of responsibility, etc. | edited by Yrjo Engestrom |
| 260 ## - PUBLICATION, DISTRIBUTION, ETC. | |
| Place of publication, distribution, etc. | Cambridge |
| Name of publisher, distributor, etc. | Cambridge University Press |
| Date of publication, distribution, etc. | 1999 |
| 300 ## - PHYSICAL DESCRIPTION | |
| Extent | xiii, 462p. : ill. |
| 350 ## - PRICE (NR) (BK AM CF MU VM SE) [OBSOLETE] | |
| Price | 0.00 |
| 490 ## - SERIES STATEMENT | |
| Series statement | Learning in doing |
| 500 ## - GENERAL NOTE | |
| General note | Bibliography |
| 650 ## - SUBJECT ADDED ENTRY--TOPICAL TERM | |
| Topical term or geographic name entry element | Intentionalism - Congresses |
| 650 ## - SUBJECT ADDED ENTRY--TOPICAL TERM | |
| Topical term or geographic name entry element | ACTION THEORY--CONGRESS |
| 700 ## - ADDED ENTRY--PERSONAL NAME | |
| Personal name | Miettinen, R |
| 700 ## - ADDED ENTRY--PERSONAL NAME | |
| Personal name | Panamaki, R |
| 710 ## - ADDED ENTRY--CORPORATE NAME | |
| Corporate name or jurisdiction name as entry element | International Congress for Research on Activity Theory (2nd : 1990 : Lahti, Finland) |
| 995 ## - RECOMMENDATION 995 [LOCAL, UNIMARC FRANCE] | |
| -- | 0.00 |
| -- | CBU-MAIN LIBRARY (Kitwe) |
| -- | 1 |
| -- | 37.50 |
| -- | 1 |
| -- | AVAILABLE |
| -- | May 15, 2006 |
| -- | Main Library Open Access Collection |
| Withdrawn status | Lost status | Source of classification or shelving scheme | Damaged status | Not for loan | Home library | Current library | Shelving location | Date acquired | Total Checkouts | Full call number | Barcode | Date last seen | Price effective from | Koha item type |
|---|---|---|---|---|---|---|---|---|---|---|---|---|---|---|
| CBU-MAIN LIBRARY, KITWE. | CBU-MAIN LIBRARY, KITWE. | 11/30/2022 | BF 619.5 Per | 029112 | 11/30/2022 | 11/30/2022 | MONOGRAPH |